| 000 | 01577cam a2200385 i 4500 | ||
|---|---|---|---|
| 001 | 20749611 | ||
| 003 | NUST | ||
| 005 | 20220825115725.0 | ||
| 008 | 181022s2019 nyua 001 0 eng c | ||
| 010 | _a 2018038019 | ||
| 020 |
_a9780062698537 _q(hardcover) |
||
| 020 |
_a9780062698490 _q(pbk.) |
||
| 020 |
_a9780062699107 _q(large print) |
||
| 038 | _aAzhar | ||
| 040 |
_aLBSOR/DLC _beng _cLBSOR _erda _dDLC |
||
| 042 | _apcc | ||
| 050 | 0 | 0 |
_aQR181.7 _b.R53 2019 |
| 082 | 0 | 0 |
_a616.079 _bRIC |
| 100 | 1 |
_aRichtel, Matt, _eauthor. _995302 |
|
| 245 | 1 | 3 |
_aAn elegant defense : _bthe extraordinary new science of the immune system : a tale in four lives _cMatt Richtel. |
| 250 | _aFirst edition. | ||
| 260 |
_aNew York, NY : _bWilliam Morrow, an imprint of HarperCollins Publishers, _c2019 |
||
| 300 |
_axi, 425 pages : _billustrations ; _c24 cm |
||
| 336 |
_atext _2rdacontent |
||
| 337 |
_aunmediated _2rdamedia |
||
| 338 |
_avolume _2rdacarrier |
||
| 500 | _aIncludes index. | ||
| 520 |
_a"A groundbreaking narrative exploration of the human immune system--the key to human health and longevity--from the Pulitzer Prize-winning New York Times journalist and acclaimed author of A Deadly Wandering"-- _cProvided by publisher. |
||
| 650 | 0 |
_aImmune system _vPopular works. _995303 |
|
| 650 | 0 |
_aImmunology _vPopular works. _995304 |
|
| 650 | 0 |
_aImmunologic diseases _xPatients. _995305 |
|
| 906 |
_a7 _bcbc _corignew _d1 _eecip _f20 _gy-gencatlg |
||
| 942 |
_2ddc _cLC |
||
| 999 |
_c590660 _d590660 |
||